00797nab a22001817a 4500003000400000005001700004008004100021040000700062100002600069245012900095260007300224300001500297500003700312505008100349650001800430650001800448773014900466OSt20260213122528.0190429b xxu||||| |||| 00| 0 spa d cPJ aMartínez, Lucila B.10aEl control de la actividad fiscal desincriminante a pedido de la víctima. ¿"Quiroga", otra vez? / cLucila B. Martínez. cCiudad Autónoma de Buenos Aires :aThomson Reuters La Ley, b2024. ap. 134-150 aCita: TR LALEY AR/DOC/2375/2023. tSi te interesa el texto completo, solicitalo a koha@justierradelfuego.gov.ar 0aDERECHO PENAL 0aPROCESO PENAL0 02658tRevista de derecho penal y criminología. Nº 7 - Junio 2024dCiudad Autónoma de Buenos Aires : Thomson Reuters La Ley, 2017-x00347914